Word Ladder: How to Get to Mordor? Quiz Stats

 Plays Quiz Updated Nov 6, 2018

Challenge
Share
Tweet
Embed
Score 0/20 Timer 04:00
4 Plays Today
Hint Answer % Correct
Bowling targetPIN
96.2%
Hobbits might use one to fry up some baconPAN
95.2%
Noah's vesselARK
94%
Squid defenseINK
92.2%
Card associated with cell phones❖SIM❖
91.8%
Annoy or botherIRK
90.9%
A large cooking vessel for stir-frying ❖WOK❖
90.2%
Master Gamgee, Hobbit of the FellowshipSAM
89.1%
A tavern, like the Prancing Pony❖INN❖
88.9%
Just fine; good-to-go, slangilyA-OK
87.4%
Hint Answer % Correct
Dark, hazy, unclearDIM
87.4%
CacophonyDIN
87.3%
A costly verbPAY
83.3%
Took a load offSAT
83%
A layer, as in a sheet of wood or a paper towel❖PLY❖
80.8%
A drunkardSOT
77.4%
Arafat's organizationPLO
77.1%
A negation❖NOT❖
77%
Try to win overWOO
75.9%
#2 emoji?POO
72.8%

Today's Daily Dose

Missing Word
Podcasts A-Z

Word Ladder
Rowing

On This Day
January 22nd II

You're not logged in!

Compare scores with friends on all Sporcle quizzes.
OR
Log In

You Might Also Like...

Show Comments

Extras

Top Quizzes Today


Score Distribution

Your Account Isn't Verified!

In order to create a playlist on Sporcle, you need to verify the email address you used during registration. Go to your Sporcle Settings to finish the process.

Report this User

Report this user for behavior that violates our Community Guidelines.

Details: